Statistics for All Blacks vs Eagles team

Click here to take the quiz!

General Stats

  • This quiz has been taken 3 times
  • The average score is 20 of 23

Answer Stats

#Player% Correct
2Asafo Aumua
100%
22Beauden Barrett
100%
13Braydon Ennor
100%
7Dalton Papali'i
100%
15Damian McKenzie
100%
16Dane Coles
100%
1Ethan de Groot
100%
8Hoskins Sotutu
100%
6Luke Jacobson
100%
12Quinn Tupaea
100%
10Richie Mo'unga
100%
4Sam Whitelock
100%
5Tupou Vaa'i
100%
18Tyrel Lomax
100%
14Will Jordan
100%
3Angus Ta'avao
67%
23Anton Lienert Brown
67%
9Finlay Christie
67%
17George Bower
67%
11George Bridge
67%
19Josh Lord
67%
21TJ Perenara
67%
20Sam Cane
33%

Score Distribution

Percentile by Number Answered

Percent of People with Each Score

Your Score History

You have not taken this quiz